000
00287nam a22000977a 4500
008
210225b ||||| |||| 00| 0 eng d
020
_a
9789389340693
100
_a
OSWAAL BOOKS
245
_a
CBSE SAMPLE QUESTION PAPERS MATHEMATICS (STANDARD )CLASS 10
260
_a
DELHI
_b
OSWAAL BOOKS
_c
2019
999
_c
11843
_d
11843